| 000 | 00560nam a22001577a 4500 | ||
|---|---|---|---|
| 003 | OSt | ||
| 005 | 20150924155719.0 | ||
| 008 | 150924b xxu||||| |||| 00| 0 eng d | ||
| 040 | _cRUA | ||
| 082 | _aAGR NHU 2009 BO43 Or.1 | ||
| 100 |
_91275 _aNHUK, KOSAL |
||
| 245 | _aEffect of planting methods on growing of rubber tree ឥទ្ធិពលនៃវិធីសាស្រ្តដាំដុះលើការលូតលាស់ដំណាំកៅស៊ូ. | ||
| 260 |
_aPhnom Phen _bRUA _c2009 |
||
| 300 |
_aIX,52p. _bill. _c29cm. |
||
| 942 |
_2ddc _cAGR |
||
| 999 |
_c1208 _d1208 |
||